[Event "Oberliga Baden 2223"]
[Site "Germany"]
[Date "2023.01.15"]
[Round "5.7"]
[White "Mader, Manuela"]
[Black "Greis, Bernhard"]
[Result "1-0"]
[WhiteElo "2202"]
[BlackElo "2044"]
[PlyCount "121"]
[EventDate "2022.09.18"]
[EventType "team-tourn"]
[EventRounds "9"]
[EventCountry "GER"]
[SourceTitle "EXT 2024"]
[Source "ChessBase"]
[SourceDate "2023.10.10"]
[SourceVersion "1"]
[SourceVersionDate "2023.10.10"]
[SourceQuality "1"]
[WhiteTeam "Ettlingen"]
[BlackTeam "Buchen"]
[WhiteTeamCountry "GER"]
[BlackTeamCountry "GER"]

1. e4 c5 2. c3 Nf6 3. e5 Nd5 4. Nf3 Nc6 5. Bc4 Nb6 6. Bb3 c4 7. Bc2 d5 8. exd6 Qxd6 9. 0-0 Bg4 10. h3 Bh5 11. Qe2 0-0-0 12. b3 Bxf3 13. Qxf3 Ne5 14. Qe4 e6 15. Na3 f5 16. Qe2 Qd5 17. Nxc4 Nexc4 18. bxc4 Qxc4 19. d3 Qc6 20. Re1 Re8 21. Bb3 e5 22. d4 Bd6 23. Qc2 Rhf8 24. Rd1 exd4 25. cxd4 Qxc2 26. Bxc2 h6 27. Bb3 f4 28. Bd2 Ba3 29. Bc3 g5 30. Re1 Kd7 31. Kf1 Kd6 32. Re5 Rxe5 33. dxe5+ Ke7 34. Rd1 Rd8 35. Rxd8 Kxd8 36. Ke2 Bc5 37. f3 Nc8 38. Kd3 Ne7 39. Ke4 Ng6 40. Bc4 Nh4 41. Bf1 Kd7 42. Kd5 Ba3 43. Ke4 a6 44. Be1 Ng6 45. Bc4 b5 46. Bd5 b4 47. Bc4 a5 48. Bf2 Bb2 49. e6+ Kd6 50. Bb3 Ne7 51. h4 Nc6 52. hxg5 hxg5 53. Bb6 Bc3 54. Kf5 Nd4+ 55. Bxd4 Bxd4 56. Kxg5 a4 57. Bc4 Be3 58. Kf6 Bf2 59. Kf5 Be3 60. Kg4 Ke7 61. Kf5 1-0

[Event "Verbandsliga Nordbaden 1920"]
[Site "Baden"]
[Date "2020.03.08"]
[Round "7.8"]
[White "Kravtsov, Maksim"]
[Black "Greis, Bernhard"]
[Result "1/2-1/2"]
[WhiteElo "1784"]
[BlackElo "2004"]
[PlyCount "51"]
[EventDate "2019.09.29"]
[EventType "team-tourn"]
[EventRounds "9"]
[EventCountry "GER"]
[SourceTitle "EXT 2021"]
[Source "ChessBase"]
[SourceDate "2020.10.23"]
[SourceVersion "1"]
[SourceVersionDate "2020.10.23"]
[SourceQuality "1"]
[WhiteTeam "Karlsruhe II"]
[BlackTeam "Buchen II"]
[WhiteTeamCountry "GER"]
[BlackTeamCountry "GER"]

1. d4 Nf6 2. c4 g6 3. Nd2 d5 4. b3 Bg7 5. Bb2 c6 6. g3 0-0 7. Bg2 Bf5 8. Ngf3 Nbd7 9. 0-0 Re8 10. Nh4 Be6 11. e3 a5 12. h3 b5 13. cxb5 cxb5 14. f4 Qb8 15. f5 gxf5 16. Nxf5 Bxf5 17. Rxf5 Qxg3 18. Qe2 Bh6 19. Rf3 Qb8 20. Qf2 Kh8 21. Qh4 Bg7 22. e4 dxe4 23. Nxe4 Nxe4 24. Qxe4 Nf6 25. Qh4 Ra6 26. Re1 1/2-1/2

[Event "Verbandsliga Nordbaden 1819"]
[Site "Baden"]
[Date "2019.03.31"]
[Round "8.6"]
[White "Greis, Bernhard"]
[Black "Schulze, Eberhard"]
[Result "1/2-1/2"]
[WhiteElo "2004"]
[BlackElo "2198"]
[PlyCount "34"]
[EventDate "2018.10.14"]
[EventType "team-tourn"]
[EventRounds "9"]
[EventCountry "GER"]
[SourceTitle "EXT 2020"]
[Source "ChessBase"]
[SourceDate "2019.10.17"]
[SourceVersion "1"]
[SourceVersionDate "2019.10.17"]
[SourceQuality "1"]
[WhiteTeam "Buchen II"]
[BlackTeam "Pforzheim"]
[WhiteTeamCountry "GER"]
[BlackTeamCountry "GER"]

1. d4 Nf6 2. Bf4 g6 3. e3 Bg7 4. Nf3 d6 5. Bd3 0-0 6. 0-0 c5 7. Nbd2 Nc6 8. c3 Re8 9. dxc5 dxc5 10. Qc2 Nd5 11. a3 Nxf4 12. exf4 e6 13. Rfe1 b6 14. Rad1 Bb7 15. Nc4 Qc7 16. Be4 Red8 17. Nce5 Nxe5 1/2-1/2

[Event "Verbandsliga Nordbaden 1819"]
[Site "Baden"]
[Date "2018.12.02"]
[Round "3.5"]
[White "Schulz, Gert"]
[Black "Greis, Bernhard"]
[Result "1/2-1/2"]
[WhiteElo "2004"]
[BlackElo "2001"]
[PlyCount "57"]
[EventDate "2018.10.14"]
[EventType "team-tourn"]
[EventRounds "9"]
[EventCountry "GER"]
[SourceTitle "EXT 2020"]
[Source "ChessBase"]
[SourceDate "2019.10.17"]
[SourceVersion "1"]
[SourceVersionDate "2019.10.17"]
[SourceQuality "1"]
[WhiteTeam "Sandhausen"]
[BlackTeam "Buchen II"]
[WhiteTeamCountry "GER"]
[BlackTeamCountry "GER"]

1. d4 Nf6 2. c4 g6 3. Nc3 d5 4. Nf3 Bg7 5. Bg5 Ne4 6. cxd5 Nxg5 7. Nxg5 e6 8. Qd2 exd5 9. Qe3+ Kf8 10. Qf4 Bf6 11. h4 c6 12. e4 h6 13. Nxf7 Kxf7 14. e5 Kg7 15. exf6+ Qxf6 16. Qc7+ Qf7 17. Qxf7+ Kxf7 18. Bd3 Bf5 19. Kd2 Bxd3 20. Kxd3 Nd7 21. Rae1 Rae8 22. Rxe8 Rxe8 23. Rh3 Re1 24. Re3 Rxe3+ 25. Kxe3 Nb6 26. Kf4 Kf6 27. b3 Nc8 28. Nd1 Nd6 29. g4 1/2-1/2

[Event "Oberliga Baden 1718"]
[Site "Baden"]
[Date "2018.04.15"]
[Round "9.7"]
[White "Mader, Manuela"]
[Black "Greis, Bernhard"]
[Result "1/2-1/2"]
[WhiteElo "2172"]
[BlackElo "1991"]
[PlyCount "54"]
[EventDate "2017.10.08"]
[EventType "team-tourn"]
[EventRounds "9"]
[EventCountry "GER"]
[SourceTitle "EXT 2019"]
[Source "ChessBase"]
[SourceDate "2018.10.10"]
[SourceVersion "1"]
[SourceVersionDate "2018.10.10"]
[SourceQuality "1"]
[WhiteTeam "Ettlingen"]
[BlackTeam "Buchen"]
[WhiteTeamCountry "GER"]
[BlackTeamCountry "GER"]

1. e4 c5 2. c3 Nf6 3. e5 Nd5 4. Nf3 Nc6 5. Bc4 Nb6 6. Bb3 d6 7. exd6 Qxd6 8. d4 cxd4 9. cxd4 e6 10. Nc3 Be7 11. 0-0 0-0 12. Be3 Nd5 13. a3 b6 14. Qd3 Nxe3 15. fxe3 Bb7 16. Rad1 Rac8 17. e4 Qf4 18. d5 Bc5+ 19. Kh1 Na5 20. Bc2 Qe3 21. b4 Qxd3 22. Bxd3 Be3 23. Nb5 a6 24. Nd6 Rcd8 25. Nxb7 Nxb7 26. Bxa6 Nd6 27. Rfe1 Nxe4 1/2-1/2

[Event "Split op 7th"]
[Site "Split"]
[Date "2017.08.23"]
[Round "5"]
[White "Bozinovic, Bogdan"]
[Black "Greis, Bernhard"]
[Result "1-0"]
[WhiteElo "2210"]
[BlackElo "2026"]
[PlyCount "76"]
[EventDate "2017.08.20"]
[EventType "swiss"]
[EventRounds "9"]
[EventCountry "CRO"]
[SourceTitle "CBM 180 Extra"]
[Source "ChessBase"]
[SourceDate "2017.10.06"]
[SourceVersion "1"]
[SourceVersionDate "2017.10.06"]
[SourceQuality "1"]

1. d4 Nf6 2. c4 g6 3. Nc3 d5 4. Bg5 Ne4 5. Bh4 Nxc3 6. bxc3 dxc4 7. e3 Qd5 8. Be2 c6 9. Nf3 Bg7 10. 0-0 Bf5 11. Nd2 b5 12. a4 Bd3 13. Bf3 Qd6 14. axb5 0-0 15. Re1 a6 16. Bg3 e5 17. dxe5 Qc5 18. Nb3 Qxb5 19. Nd4 Qc5 20. e6 fxe6 21. Nxe6 Qe7 22. Nd4 Be4 23. Be2 Bd5 24. Ra4 Qe4 25. Bf1 Nd7 26. f3 Qe7 27. e4 Bf7 28. Nxc6 Qc5+ 29. Nd4 Nb6 30. Rb4 a5 31. Rb1 Rfd8 32. Bf2 Rab8 33. Qc2 Qc7 34. Rb5 a4 35. Bg3 Bxd4+ 36. cxd4 Qd7 37. Bxb8 Qxb5 38. Bc7 Qc6 1-0

[Event "Verbandsliga Nordbaden 1617"]
[Site "Baden"]
[Date "2016.10.09"]
[Round "1.6"]
[White "Greis, Bernhard"]
[Black "Ungerer, Markus"]
[Result "1/2-1/2"]
[WhiteElo "2023"]
[BlackElo "2131"]
[PlyCount "54"]
[EventDate "2016.10.09"]
[EventType "team-tourn"]
[EventRounds "9"]
[EventCountry "GER"]
[SourceTitle "EXT 2022"]
[Source "ChessBase"]
[SourceDate "2021.10.06"]
[SourceVersion "1"]
[SourceVersionDate "2021.10.06"]
[SourceQuality "1"]
[WhiteTeam "Buchen II"]
[BlackTeam "Pforzheim"]
[WhiteTeamCountry "GER"]
[BlackTeamCountry "GER"]

1. d4 d5 2. Bf4 Nf6 3. e3 e6 4. Nf3 Be7 5. h3 0-0 6. Bd3 c5 7. c3 c4 8. Bc2 b5 9. 0-0 Bb7 10. Nbd2 Nbd7 11. Ne5 Qb6 12. g4 Nxe5 13. Bxe5 Nd7 14. Bg3 Bd6 15. f4 f5 16. Nf3 g6 17. g5 b4 18. cxb4 Bxb4 19. Be1 Bc6 20. Bc3 Bxc3 21. bxc3 Qa5 22. Qd2 Rfb8 23. Rfb1 Qa3 24. h4 Rb2 25. Rxb2 Qxb2 26. Rb1 Qa3 27. Bd1 Rb8 1/2-1/2

[Event "Verbandsliga Nordbaden 1516"]
[Site "Baden"]
[Date "2015.09.27"]
[Round "1.4"]
[White "Greis, Bernhard"]
[Black "Heidarnezhad, Ben Ali"]
[Result "0-1"]
[WhiteElo "2018"]
[BlackElo "1976"]
[PlyCount "64"]
[EventDate "2015.09.27"]
[EventType "team-tourn"]
[EventRounds "9"]
[EventCountry "GER"]
[SourceTitle "EXT 2022"]
[Source "ChessBase"]
[SourceDate "2021.10.06"]
[SourceVersion "1"]
[SourceVersionDate "2021.10.06"]
[SourceQuality "1"]
[WhiteTeam "Buchen II"]
[BlackTeam "Hockenheim II"]
[WhiteTeamCountry "GER"]
[BlackTeamCountry "GER"]

1. d4 Nf6 2. Bf4 d6 3. e3 Nbd7 4. Nf3 g6 5. Bd3 c6 6. Nbd2 Bg7 7. 0-0 0-0 8. c3 Re8 9. Qc2 Nh5 10. Rfe1 e5 11. dxe5 dxe5 12. Bg5 Qc7 13. e4 Nc5 14. Bc4 b5 15. b4 Ne6 16. Bf1 Nxg5 17. Nxg5 Qe7 18. Ngf3 a5 19. a4 axb4 20. axb5 Rxa1 21. Rxa1 Qc5 22. Nb3 Qxc3 23. Qxc3 bxc3 24. Rc1 cxb5 25. Bxb5 Rd8 26. Rxc3 Rd1+ 27. Bf1 Be6 28. g3 Nf6 29. Kg2 Nxe4 30. Re3 Bd5 31. h4 Rb1 32. Na5 Nd2 0-1

[Event "Verbandsliga Nordbaden 1415"]
[Site "Baden"]
[Date "2014.11.23"]
[Round "3.7"]
[White "Eyer, Rudolf"]
[Black "Greis, Bernhard"]
[Result "1/2-1/2"]
[WhiteElo "2022"]
[BlackElo "2018"]
[PlyCount "26"]
[EventDate "2014.10.12"]
[EventType "team-tourn"]
[EventRounds "9"]
[EventCountry "GER"]
[SourceTitle "EXT 2022"]
[Source "ChessBase"]
[SourceDate "2021.10.06"]
[SourceVersion "1"]
[SourceVersionDate "2021.10.06"]
[SourceQuality "1"]
[WhiteTeam "Eppingen III"]
[BlackTeam "Buchen II"]
[WhiteTeamCountry "GER"]
[BlackTeamCountry "GER"]

1. d4 Nf6 2. Nf3 g6 3. e3 Bg7 4. Bd3 d5 5. Nbd2 Nc6 6. c3 0-0 7. 0-0 e5 8. dxe5 Ng4 9. e4 Ncxe5 10. Bc2 dxe4 11. Bxe4 c6 12. h3 Nxf3+ 13. Nxf3 Nf6 1/2-1/2

[Event "Verbandsliga Nordbaden 1415"]
[Site "Baden"]
[Date "2014.10.12"]
[Round "1.5"]
[White "Geyer, Bernhard"]
[Black "Greis, Bernhard"]
[Result "0-1"]
[WhiteElo "2183"]
[BlackElo "2018"]
[PlyCount "116"]
[EventDate "2014.10.12"]
[EventType "team-tourn"]
[EventRounds "9"]
[EventCountry "GER"]
[SourceTitle "EXT 2022"]
[Source "ChessBase"]
[SourceDate "2021.10.06"]
[SourceVersion "1"]
[SourceVersionDate "2021.10.06"]
[SourceQuality "1"]
[WhiteTeam "Ladenburg"]
[BlackTeam "Buchen II"]
[WhiteTeamCountry "GER"]
[BlackTeamCountry "GER"]

1. e4 c5 2. Nc3 Nc6 3. g3 g6 4. Bg2 Bg7 5. f4 e6 6. Nf3 Nge7 7. 0-0 d5 8. d3 0-0 9. h3 b6 10. Qe1 Nd4 11. Qf2 Bb7 12. Kh2 Nxf3+ 13. Bxf3 Qd7 14. Bd2 Rad8 15. Rad1 d4 16. Nb1 Qa4 17. Bc1 Qxa2 18. Na3 Ra8 19. g4 Bc6 20. h4 b5 21. h5 f6 22. Qh4 Rf7 23. Kg3 e5 24. h6 exf4+ 25. Bxf4 Bf8 26. Bc1 Qe6 27. c3 dxc3 28. bxc3 Qe5+ 29. Kg2 Qxc3 30. Rf2 g5 31. Qh2 Ng6 32. Rc2 Nh4+ 33. Kf2 Qe5 34. Qh1 Bd6 35. d4 Qg3+ 36. Ke2 c4 37. d5 Bd7 38. Rg1 Qxf3+ 39. Qxf3 Nxf3 40. Kxf3 a5 41. Bb2 Bxa3 42. Bxa3 b4 43. Bc1 c3 44. Be3 Ba4 45. Rcc1 Rc7 46. Bd4 Kf7 47. Ke3 Kg6 48. Rgf1 Ra6 49. Ra1 Bb5 50. Rf2 c2 51. Rc1 b3 52. Bb2 a4 53. Ba3 Kxh6 54. d6 Rxd6 55. Bxd6 b2 56. Rh2+ Kg7 57. Rhh1 bxc1Q+ 58. Rxc1 Rc4 0-1

[Event "BL2-Sued 1314"]
[Site "Germany"]
[Date "2014.03.16"]
[Round "8.7"]
[White "Reefschlaeger, Helmut"]
[Black "Greis, Bernhard"]
[Result "1/2-1/2"]
[WhiteElo "2298"]
[BlackElo "2015"]
[PlyCount "82"]
[EventDate "2013.10.13"]
[EventType "team-tourn"]
[EventRounds "9"]
[EventCountry "GER"]
[SourceTitle "EXT 2015"]
[Source "ChessBase"]
[SourceDate "2014.11.20"]
[SourceVersion "1"]
[SourceVersionDate "2014.11.20"]
[SourceQuality "1"]
[WhiteTeam "Baden-Baden II"]
[BlackTeam "Buchen"]
[WhiteTeamCountry "GER"]
[BlackTeamCountry "GER"]

1. d4 Nf6 2. g3 g6 3. Bg2 d5 4. c4 Bg7 5. Nf3 0-0 6. cxd5 Nxd5 7. 0-0 Nc6 8. Nc3 Nb6 9. e3 Re8 10. b3 e5 11. dxe5 Bg4 12. Bb2 Nxe5 13. Qxd8 Raxd8 14. Nxe5 Bxe5 15. Rac1 Rd2 16. Ba1 c6 17. Ne4 Rxa2 18. Bxe5 Rxe5 19. Nf6+ Kg7 20. Nxg4 Rb5 21. e4 h5 22. Ne3 Rxb3 23. Ra1 Rxa1 24. Rxa1 a6 25. e5 Kf8 26. Kf1 Ke7 27. Ke2 Rb2+ 28. Kd3 f6 29. exf6+ Kxf6 30. f4 Nd7 31. Kc3 Re2 32. Kd4 Rd2+ 33. Kc3 Re2 34. Kd3 Rb2 35. Rc1 a5 36. h4 a4 37. Bxc6 Rb3+ 38. Kd2 Rb2+ 39. Kd3 Rb3+ 40. Ke4 bxc6 41. Rxc6+ Kf7 1/2-1/2

[Event "BL2-Sued 1314"]
[Site "Germany"]
[Date "2014.02.23"]
[Round "7.7"]
[White "Hirneise, Jens"]
[Black "Greis, Bernhard"]
[Result "1/2-1/2"]
[WhiteElo "2267"]
[BlackElo "2010"]
[PlyCount "53"]
[EventDate "2013.10.13"]
[EventType "team-tourn"]
[EventRounds "9"]
[EventCountry "GER"]
[SourceTitle "EXT 2015"]
[Source "ChessBase"]
[SourceDate "2014.11.20"]
[SourceVersion "1"]
[SourceVersionDate "2014.11.20"]
[SourceQuality "1"]
[WhiteTeam "Schwaebisch Hall"]
[BlackTeam "Buchen"]
[WhiteTeamCountry "GER"]
[BlackTeamCountry "GER"]

1. e4 c5 2. Nf3 g6 3. d4 cxd4 4. Nxd4 Nf6 5. Nc3 Nc6 6. Be3 Bg7 7. Bc4 0-0 8. Bb3 Ng4 9. Qxg4 Nxd4 10. 0-0-0 Nxb3+ 11. cxb3 d6 12. Qh4 Be6 13. Bd4 Rc8 14. Kb1 Bxd4 15. Rxd4 Qc7 16. Rc1 f5 17. Ne2 Qd7 18. e5 Rxc1+ 19. Nxc1 Rc8 20. Ne2 Qc7 21. Nc3 dxe5 22. Rd1 f4 23. g4 b5 24. b4 a5 25. a3 axb4 26. axb4 Kg7 27. f3 1/2-1/2

[Event "Buchen Baroque op"]
[Site "Buchen"]
[Date "2009.12.26"]
[Round "1"]
[White "Stojanovic, Mihajlo"]
[Black "Greis, Bernhard"]
[Result "1-0"]
[WhiteElo "2585"]
[BlackElo "1987"]
[PlyCount "55"]
[EventDate "2009.12.26"]
[EventType "swiss"]
[EventRounds "7"]
[EventCountry "GER"]
[SourceTitle "CBM 134 Extra"]
[Source "ChessBase"]
[SourceDate "2010.03.03"]
[SourceVersion "1"]
[SourceVersionDate "2010.03.03"]
[SourceQuality "1"]

1. Nf3 Nf6 2. c4 g6 3. Nc3 d5 4. cxd5 Nxd5 5. Qa4+ Nc6 6. Ne5 Nxc3 7. dxc3 Bd7 8. Nxd7 Qxd7 9. g3 Bg7 10. Bg2 0-0 11. Be3 Rfd8 12. 0-0 Ne5 13. Qb3 Qe6 14. Qxb7 Rab8 15. Qxc7 Rdc8 16. Qxa7 Rxb2 17. a4 Rxe2 18. a5 Nc6 19. Qa6 Rc2 20. Bd5 Qd7 21. Rfd1 Nb8 22. Qb7 e6 23. Be4 Qxb7 24. Bxb7 Re8 25. a6 Nxa6 26. Rxa6 Rxc3 27. Rd7 Rb8 28. Ra7 1-0

[Event "Budapest FS08 FM-B"]
[Site "Budapest"]
[Date "2008.08.11"]
[Round "10"]
[White "Greis, Bernhard"]
[Black "Trajber, Daniel"]
[Result "1/2-1/2"]
[WhiteElo "2000"]
[BlackElo "2038"]
[PlyCount "31"]
[EventDate "2008.08.02"]
[EventType "tourn"]
[EventRounds "11"]
[EventCountry "HUN"]
[SourceTitle "CBM 125 Extra"]
[Source "ChessBase"]
[SourceDate "2008.09.01"]
[SourceVersion "1"]
[SourceVersionDate "2008.09.01"]
[SourceQuality "1"]

1. d4 d5 2. c4 c6 3. Nc3 Nf6 4. Nf3 e6 5. e3 Be7 6. Bd3 Nbd7 7. 0-0 0-0 8. b3 b6 9. Bb2 Bb7 10. Re1 Re8 11. h3 h6 12. Rc1 Rc8 13. a3 c5 14. Ne5 Nxe5 15. dxe5 Nd7 16. f4 1/2-1/2

[Event "Buchen Baroque op"]
[Site "Buchen"]
[Date "2007.12.27"]
[Round "2"]
[White "Greis, Bernhard"]
[Black "Herbold, Manfred"]
[Result "0-1"]
[WhiteElo "2024"]
[BlackElo "2148"]
[PlyCount "38"]
[EventDate "2007.12.26"]
[EventType "swiss"]
[EventRounds "7"]
[EventCountry "GER"]
[SourceTitle "CBM 122 Extra"]
[Source "ChessBase"]
[SourceDate "2008.03.04"]
[SourceVersion "1"]
[SourceVersionDate "2008.03.04"]
[SourceQuality "1"]

1. d4 e6 2. Bf4 f5 3. Nf3 b6 4. e3 Nf6 5. Bd3 Bb7 6. 0-0 Bd6 7. Bxd6 cxd6 8. Nc3 a6 9. a4 0-0 10. Qe2 d5 11. Nd2 Nc6 12. f3 Qc7 13. Nb3 Qd6 14. a5 b5 15. Nc5 Qc7 16. Bxb5 axb5 17. Nxb5 Qb8 18. a6 Bc8 19. a7 Nxa7 0-1

[Event "Buchen Baroque op"]
[Site "Buchen"]
[Date "2007.12.27"]
[Round "3"]
[White "Kasparova, Eva"]
[Black "Greis, Bernhard"]
[Result "1/2-1/2"]
[WhiteElo "1968"]
[BlackElo "2024"]
[PlyCount "24"]
[EventDate "2007.12.26"]
[EventType "swiss"]
[EventRounds "7"]
[EventCountry "GER"]
[SourceTitle "CBM 122 Extra"]
[Source "ChessBase"]
[SourceDate "2008.03.04"]
[SourceVersion "1"]
[SourceVersionDate "2008.03.04"]
[SourceQuality "1"]

1. Nf3 c5 2. d3 g6 3. e4 Bg7 4. Nbd2 d5 5. Be2 Nc6 6. 0-0 e6 7. c3 Nge7 8. Re1 0-0 9. Bf1 b6 10. Qc2 Bb7 11. Rb1 Rc8 12. b3 Qd7 1/2-1/2

[Event "Verbandsliga Nord Baden 0607"]
[Site "Germany"]
[Date "2007.04.29"]
[Round "9.8"]
[White "Rastert, Ralf"]
[Black "Greis, Bernhard"]
[Result "1-0"]
[WhiteElo "2124"]
[BlackElo "2040"]
[PlyCount "51"]
[EventDate "2006.10.22"]
[EventType "team"]
[EventRounds "9"]
[EventCountry "GER"]
[SourceTitle "EXT 2008"]
[Source "ChessBase"]
[SourceDate "2007.11.25"]
[SourceVersion "1"]
[SourceVersionDate "2007.11.25"]
[SourceQuality "1"]
[WhiteTeam "Mosbach"]
[BlackTeam "Buchen"]
[WhiteTeamCountry "GER"]
[BlackTeamCountry "GER"]

1. e4 c5 2. Nf3 d6 3. d4 cxd4 4. Nxd4 Nf6 5. Nc3 g6 6. Be3 Bg7 7. f3 0-0 8. Bc4 Nc6 9. Qd2 Bd7 10. 0-0-0 Qa5 11. h4 Rfc8 12. Bb3 Ne5 13. h5 Nxh5 14. g4 Nf6 15. Rh4 Rxc3 16. Qxc3 Qxc3 17. bxc3 Rc8 18. Kb2 a5 19. a3 a4 20. Ba2 Nxf3 21. Nxf3 Nxe4 22. Bd4 Nxc3 23. Rdh1 Bxd4 24. Nxd4 Nxa2 25. Rxh7 Rc4 26. g5 1-0

[Event "Magistrale 6th"]
[Site "Bassano del Grappa"]
[Date "2006.12.26"]
[Round "1.10"]
[White "Greis, Bernhard"]
[Black "Roberti, Ignazio"]
[Result "0-1"]
[WhiteElo "2040"]
[BlackElo "1927"]
[PlyCount "58"]
[EventDate "2006.12.26"]
[EventType "swiss"]
[EventRounds "7"]
[EventCountry "ITA"]
[SourceTitle "EXT 2023"]
[Source "ChessBase"]
[SourceDate "2022.10.05"]
[SourceVersion "1"]
[SourceVersionDate "2022.10.05"]
[SourceQuality "1"]

1. d4 Nf6 2. Bf4 e6 3. Nf3 b6 4. e3 Bb7 5. Bd3 d5 6. Nbd2 Nbd7 7. c3 Be7 8. Ne5 Nxe5 9. dxe5 Nd7 10. h3 c5 11. Qb1 Qc7 12. Nf3 h6 13. b4 cxb4 14. cxb4 Qc3+ 15. Ke2 Qxb4 16. Rc1 Qxb1 17. Raxb1 Rc8 18. Bb5 a6 19. Rxc8+ Bxc8 20. Bxd7+ Bxd7 21. Rxb6 Bb5+ 22. Kd1 0-0 23. Nd2 Bc5 24. Rb7 d4 25. h4 d3 26. Nb3 Rc8 27. Nxc5 Rxc5 28. Rb8+ Kh7 29. Rb7 Rc2 0-1